000 00881nam a2200253 i 4500
001 33904
003 BD-RjUL
005 20211209052058.0
008 140512s1945 maua b 00100 eng d
035 _a(BD-RjUL)33996
040 _aBD-RjUL
_beng
_cBD-RjUL
041 _aeng
082 _a306.3
_bMAS 1952
100 1 _aMayo, Elton,
_d1880-1949.
_97657
245 1 4 _aThe social problems of an industrial civilization /
_cElton Mayo.
260 _aBoston, Mass. :
_bDivision of Research, Graduate School of Business Administration, Harvard University,
_c1945 [Impression 1952].
300 _axvii, 150p. :
_bill. ;
_c21 cm.
504 _aIncludes bibliographical references and index.
650 0 _aIndustrial sociology.
_9103012
650 0 _aSocial problems.
_9103013
650 0 _aIndustrial relations.
_9103014
650 0 _aTeams in the workplace.
_947340
942 _2ddc
_cBK
999 _c33904
_d33904